Konflikte zwischen Polizei und psychisch kranken Menschen

Saved in:  
Bibliographic Details
Main Author: Hermanutz, Max 1952- (Author)
Format: Print Article
Language:German
Published: 1998
In: Polizei - Gesellschaft - Konflikt
Year: 1998, Pages: 45-49
Check availability: HBZ Gateway
Keywords:

MARC

LEADER 00000caa a22000002c 4500
001 152592219X
003 DE-627
005 20220604104943.0
007 tu
008 160223s1998 xx ||||| 00| ||ger c
020 |a 3931778207 
035 |a (DE-627)152592219X 
035 |a (DE-576)455922195 
035 |a (DE-599)BSZ455922195 
040 |a DE-627  |b ger  |c DE-627  |e rakwb 
041 |a ger 
100 1 |a Hermanutz, Max  |d 1952-  |0 (DE-588)110238990  |0 (DE-627)488784573  |0 (DE-576)161395198  |4 aut 
109 |a Hermanutz, Max 1952- 
245 1 0 |a Konflikte zwischen Polizei und psychisch kranken Menschen  |c Max Hermanutz 
264 1 |c 1998 
336 |a Text  |b txt  |2 rdacontent 
337 |a ohne Hilfsmittel zu benutzen  |b n  |2 rdamedia 
338 |a Band  |b nc  |2 rdacarrier 
773 0 8 |i In  |t Polizei - Gesellschaft - Konflikt  |d Villingen-Schwenningen : Fachhochschule Villingen-Schwenningen, Hochschule für Polizei, 1998  |g (1998), Seite 45-49  |h 100 S.  |w (DE-627)1602224625  |w (DE-576)074917773  |z 3931778207  |7 nnam 
773 1 8 |g year:1998  |g pages:45-49 
935 |a mkri 
951 |a AR 
ELC |b 1 
LOK |0 000 xxxxxcx a22 zn 4500 
LOK |0 001 2899400657 
LOK |0 003 DE-627 
LOK |0 004 152592219X 
LOK |0 005 20260209083331 
LOK |0 008 160208||||||||||||||||ger||||||| 
LOK |0 040   |a DE-21-110  |c DE-627  |d DE-21-110 
LOK |0 689   |a s  |a Polizeiarbeit 
LOK |0 689   |a s  |a Psychisch Kranke 
LOK |0 852   |a DE-21-110 
LOK |0 852 1  |m p  |9 00 
LOK |0 935   |a k110 
LOK |0 938   |k p 
LOK |0 939   |a 08-02-16  |b l01 
ORI |a WA-MARC-krimdoka001.raw